From Theory to Action: (Record no. 5981)
[ view plain ]
| 000 -LEADER | |
|---|---|
| fixed length control field | 00605cam a2200229 a 4500 |
| 001 - CONTROL NUMBER | |
| control field | 12385387 |
| 005 - DATE AND TIME OF LATEST TRANSACTION | |
| control field | 20250217014908.0 |
| 008 - FIXED-LENGTH DATA ELEMENTS--GENERAL INFORMATION | |
| fixed length control field | 001207s2000 ce b 000 0 eng |
| 020 ## - INTERNATIONAL STANDARD BOOK NUMBER | |
| ISBN | 9556070311 |
| 040 ## - CATALOGING SOURCE (பட்டியலாக்க மூலம்) | |
| Original cataloging agency | DLC |
| Transcribing agency | DLC |
| Modifying agency | DLC |
| 082 ## - DDC Classification | |
| DDC Edition Number | 6945 |
| Class No. | 305.3 |
| Item Number - Author Mark | WIC |
| 100 1# - MAIN ENTRY--PERSONAL NAME | |
| Personal name | Wickramasinghe, M |
| 245 10 - TITLE STATEMENT | |
| Title | From Theory to Action: |
| Remainder of title | Women, Gender and Development |
| 260 ## - PUBLICATION, DISTRIBUTION, ETC. | |
| Place of publication, distribution, etc. | Colombo |
| Name of publisher, distributor, etc. | Friedrich-Ebert Stiftung |
| Date of publication, distribution, etc. | 2000 |
| 300 ## - PHYSICAL DESCRIPTION | |
| Extent (e.g. Volumes, Pages etc.) | xxi, 179 p., |
| 650 #0 - SUBJECT ADDED ENTRY--TOPICAL TERM | |
| Topical term or geographic name entry element | Women |
| 650 #0 - SUBJECT ADDED ENTRY--TOPICAL TERM | |
| Topical term or geographic name entry element | Women in Development |
| 650 #0 - SUBJECT ADDED ENTRY--TOPICAL TERM | |
| Topical term or geographic name entry element | Social Participation |
| 650 #0 - SUBJECT ADDED ENTRY--TOPICAL TERM | |
| Topical term or geographic name entry element | Gender |
| 650 #0 - SUBJECT ADDED ENTRY--TOPICAL TERM | |
| Topical term or geographic name entry element | Women's Movement |
| 942 ## - Koha item type (Biblio) | |
| Koha item type | Books in Stacks (Lending) |
| Lost status | Damaged status | Collection code | Home library | Current library | Date acquired | Full call number | Accession Number | Item type |
|---|---|---|---|---|---|---|---|---|
| Lending | WERC Library | WERC Library | 02/17/2025 | 305.3 WIC | 6945 | Books in Stacks (Lending) |
